The hero project (Record no. 1994)

MARC details
000 -LEADER
fixed length control field 00650 a2200205 4500
010 ## - LIBRARY OF CONGRESS CONTROL NUMBER
LC control number ENG-85311
020 ## - INTERNATIONAL STANDARD BOOK NUMBER
International Standard Book Number 0070611823
Terms of availability 250.00
035 ## - SYSTEM CONTROL NUMBER
System control number EN-68844
037 ## - SOURCE OF ACQUISITION
Source of stock number/acquisition D.B.Act / Pub
082 14 - DEWEY DECIMAL CLASSIFICATION NUMBER
Classification number 920.00904
090 ## - LOCALLY ASSIGNED LC-TYPE CALL NUMBER (OCLC); LOCAL CALL NUMBER (OCLC)
-- 2028
-- 2028
100 1# - MAIN ENTRY--PERSONAL NAME
Personal name Hatch, Robert
245 1# - TITLE STATEMENT
Title The hero project
Statement of responsibility, etc by Robert Hatch and William Hatch
260 ## - PUBLICATION, DISTRIBUTION, ETC. (IMPRINT)
Place of publication, distribution, etc New Delhi
Name of publisher, distributor, etc Tata Mcgrawhill Publishing
Date of publication, distribution, etc 2006
270 ## - ADDRESS
Address 7, West Patel Nagar
City New Delhi
Postal code 110 008
300 ## - PHYSICAL DESCRIPTION
Extent ix, 204 p.
Dimensions 23 cm. (Pbk.)
700 1# - ADDED ENTRY--PERSONAL NAME
Personal name Hatch, Wiliam
942 ## - ADDED ENTRY ELEMENTS (KOHA)
Institution code [OBSOLETE] dpl
Koha item type English Books
Call number prefix 92000904 / HAT
Holdings
Withdrawn status Lost status Source of classification or shelving scheme Damaged status Not for loan Collection code Home library Current library Source of acquisition Cost, normal purchase price Total Checkouts Full call number Barcode Date last seen Copy number Uniform Resource Identifier Cost, replacement price Price effective from Koha item type
    Dewey Decimal Classification   Not For Loan Non-fiction D.B.Act.Division D.B.Act.Division DBAD/PUB 250.00   920.00904 EN-68844 15/09/2008 1 2109 250.00 15/09/2008 English Books

© Delhi Public Library
Hit Counter
free hit counter